Halsey Songs Alphabet - Statistics

General Stats
  • This quiz has been taken 10 times
  • The average score is 14 of 21
Answer Stats
Hint Answer % Correct
A Alone / Angel On Fire / Ashley / Alanis' Interlude / Arsonist / Alice of the Upper Class / Afraid of the Dark
90%
C Castle / Colors / Coming Down / Control / clementine / Charades / Closer
90%
N New Americana / Now or Never/ Nothing / Nightmare / Not Afraid Anymore
90%
Numbers 100 Letters / 3am / 929 / 1121 / 11 Minutes
80%
B Bad At Love / Be Kind / Bells In Santa Fe / Boy With Luv
80%
D Drive / Devil In Me / Don't Play / Dominic's Interlude / Dog Years / Darwinism / Darling / Die 4 Me / Damage / Die For Me
80%
H Hold Me Down / Haunting / Hurricane / Hopeless / Heaven In Hiding / Hometown / Hurt Feelings / honey / Him & I / Hand That Feeds / Hands
80%
L Lie / Letter To God / Lonely Is The Muse / Life of the Spider / Lucky / Lessons / Lilith / Life's A Mess . Love Is Madness
80%
S Strange Love / Sorry / Strangers / SUGA's Interlude / Still Learning / So Good / Stay With Me / safeword
80%
Y Young God / You(th) / You should be sad / You asked for this / Ya'aburnee
80%
G Ghost / Gasoline / Garden / Good Mourning / Graveyard / Girl is a Gun
70%
T Trouble / The Prologue / The End / The Great Impersonator / The Tradition / The Lighthouse / The Other Girl / The Feeling
70%
W Walls Could Talk / Without Me / Wipe Your Tears / Whispers
70%
F Forever... (is a long time) / Finally beautiful stranger / forget me too
60%
I I Walk The Line / Is There Somewhere / I HATE EVERYBODY / I'm Not Mad / I Believe In Magic / I Never Loved You / I am not a woman, I'm a god
60%
K killing boys
60%
P Panic Attack / People disappear here
60%
E Empty Gold / Eyes Closed / Ego / Easier Than Lying / Eastside / Experiment On Me
50%
R Roman Holiday
50%
M More
30%
O Only Living Girl In LA
30%
No matching quizzes found
Score Distribution
Percent of People with Each Score
Percentile by Number Answered
Your Score History
You have not taken this quiz